Further study on rare earth in increasing rubber yield of Hevea brasiliensis (Record no. 59687)

MARC details
000 -LEADER
fixed length control field 00521nam a2200181Ia 4500
100 ## - MAIN ENTRY--AUTHOR NAME
Personal name Shaoqiong Yang
245 #0 - TITLE STATEMENT
Title Further study on rare earth in increasing rubber yield of Hevea brasiliensis
260 ## - PUBLICATION, DISTRIBUTION, ETC. (IMPRINT)
Name of publisher Chinese Journal of Tropical Crops Physiology and Exploitation
Year of publication 1993
300 ## - PHYSICAL DESCRIPTION
Number of Pages 30
650 ## - SUBJECT ADDED ENTRY--TOPICAL TERM
Topical Term Bark dryness
650 ## - SUBJECT ADDED ENTRY--TOPICAL TERM
Topical Term Hevea brasiliensis
650 ## - SUBJECT ADDED ENTRY--TOPICAL TERM
Topical Term Latex
650 ## - SUBJECT ADDED ENTRY--TOPICAL TERM
Topical Term Rubber yield
700 ## - ADDED ENTRY--PERSONAL NAME
Personal name Siwei Fan
700 ## - ADDED ENTRY--PERSONAL NAME
Personal name Yeyong Mo
942 ## - ADDED ENTRY ELEMENTS (KOHA)
Koha item type Journals
Holdings
Withdrawn status Lost status Damaged status Not for loan Home library Current library Shelving location Date acquired Serial Enumeration / chronology Koha item type
      Journals RRII Library RRII Library Physiology 17/12/2021 Volume 14, Issue 1 Journals